000 00667cab a2200217 4500
001 ABS50724
008 090401t1994 xxu||||| |||| 00| 0 eng d
035 _a(Sirsi) u24747
041 _aeng
100 _aMilne, R.
245 _aLock aims to open door to better regional plans
260 _c1994
350 _a0
490 _aPlanning (for the Natural and Built Environment)
_v(1068) 13 May 1994, 6-7(2)
520 _aSummarises the agenda facing Professor David Lock, new Chief Planning Adviser at the DoE.
650 _aPLANNING POLICY GUIDANCE
650 _aREGIONAL PLANS
690 _aPLANNING LAW AND PRACTICE
942 _n0
948 _c04/03/1997
999 _c16602
_d16602